[Event "Wloclawek-ch"]
[Site "Wloclawek"]
[Date "2017.??.??"]
[Round "1"]
[White "Matusiak, Marcin"]
[Black "Czekalski, Pawel"]
[Result "1-0"]
[WhiteElo "1564"]
[BlackElo "1181"]
[PlyCount "73"]
[EventDate "2017.10.??"]
[EventType "swiss"]
[EventRounds "9"]
[EventCountry "POL"]
[SourceTitle "EXT 2021"]
[Source "ChessBase"]
[SourceDate "2020.10.23"]
[SourceVersion "1"]
[SourceVersionDate "2020.10.23"]
[SourceQuality "1"]

1. e4 e5 2. Nf3 Nc6 3. d4 Bd6 4. d5 Nce7 5. c4 f6 6. Be3 b6 7. Nc3 a6 8. a3 c5 9. Bd3 Bb7 10. Qc2 Ng6 11. 0-0 h5 12. h3 Qe7 13. Rfb1 Bc7 14. b4 d6 15. bxc5 dxc5 16. Na4 Qd6 17. Nxc5 bxc5 18. Rxb7 N8e7 19. Qa4+ Kf7 20. Nd2 Rhc8 21. Rab1 Nf8 22. Be2 g6 23. Qc2 a5 24. a4 Ra6 25. R1b2 Bb6 26. Qb1 Rb8 27. Rxb8 Qxb8 28. Bxc5 Nc8 29. Bxb6 Nxb6 30. c5 Ra7 31. Rxb6 Qc7 32. c6 Kg8 33. Rb7 Rxb7 34. cxb7 Nd7 35. Qb5 Nb6 36. Qe8+ Kh7 37. b8Q 1-0

[Event "Wloclawek-ch"]
[Site "Wloclawek"]
[Date "2014.??.??"]
[Round "6"]
[White "Matusiak, Marcin"]
[Black "Jeziorny, Janusz"]
[Result "0-1"]
[WhiteElo "1628"]
[BlackElo "1790"]
[PlyCount "90"]
[EventDate "2014.09.??"]
[EventType "swiss"]
[EventRounds "9"]
[EventCountry "POL"]
[SourceTitle "EXT 2021"]
[Source "ChessBase"]
[SourceDate "2020.10.23"]
[SourceVersion "1"]
[SourceVersionDate "2020.10.23"]
[SourceQuality "1"]

1. e4 c6 2. Nc3 d5 3. Qf3 dxe4 4. Nxe4 Nf6 5. Nxf6+ gxf6 6. Bc4 Qa5 7. c3 Qf5 8. Qxf5 Bxf5 9. d4 Nd7 10. Nf3 e6 11. Bf4 Nb6 12. Bb3 Nd5 13. Bxd5 cxd5 14. Kd2 b5 15. Nh4 Bg6 16. Nxg6 hxg6 17. Rhe1 Kd7 18. h3 a5 19. a3 Be7 20. Bg3 Kc6 21. Bf4 b4 22. axb4 axb4 23. Reb1 b3 24. Kd3 Kb5 25. Be3 Rhc8 26. Bf4 Bf8 27. Re1 Bg7 28. Bg3 Bh6 29. h4 Kb6 30. Bd6 Kb7 31. Be7 Bg7 32. Bd6 Kc6 33. Bg3 Bf8 34. Kd2 Re8 35. Kd3 e5 36. f4 e4+ 37. Ke3 f5 38. Bf2 Kb5 39. Rg1 Kc4 40. Kd2 Ra2 41. Rxa2 bxa2 42. Ra1 Kb3 43. Kc1 e3 44. Be1 Bd6 45. Bg3 Re4 0-1

[Event "Wloclawek-ch"]
[Site "Wloclawek"]
[Date "2013.??.??"]
[Round "2"]
[White "Grochowalski, Pawel"]
[Black "Matusiak, Marcin"]
[Result "1-0"]
[WhiteElo "2073"]
[BlackElo "1654"]
[PlyCount "57"]
[EventDate "2013.09.??"]
[EventType "swiss"]
[EventRounds "9"]
[EventCountry "POL"]
[SourceTitle "EXT 2021"]
[Source "ChessBase"]
[SourceDate "2020.10.23"]
[SourceVersion "1"]
[SourceVersionDate "2020.10.23"]
[SourceQuality "1"]

1. g3 e6 2. Bg2 d5 3. c4 g6 4. Nf3 Bg7 5. 0-0 Nf6 6. d4 0-0 7. Qc2 Nbd7 8. Nbd2 Re8 9. Rd1 c6 10. e4 Bh6 11. b3 b6 12. e5 Nh5 13. Nf1 Bxc1 14. Raxc1 Bb7 15. Ne3 Rc8 16. Ng4 f6 17. exf6 Nhxf6 18. Nge5 Qe7 19. Re1 Rf8 20. Nxd7 Nxd7 21. Qe2 Rfe8 22. Bh3 Kf7 23. Qxe6+ Qxe6 24. Bxe6+ Ke7 25. cxd5 Rc7 26. dxc6 Bxc6 27. d5 Nc5 28. Bg4+ Kd6 29. dxc6 1-0

[Event "Wloclawek CC Classic 07th"]
[Site "Wloclawek"]
[Date "2013.??.??"]
[Round "1"]
[White "Kulinski, Krzysztof"]
[Black "Matusiak, Marcin"]
[Result "1-0"]
[WhiteElo "2098"]
[BlackElo "1800"]
[PlyCount "69"]
[EventDate "2013.04.??"]
[EventType "swiss"]
[EventRounds "7"]
[EventCountry "POL"]
[SourceTitle "EXT 2021"]
[Source "ChessBase"]
[SourceDate "2020.10.23"]
[SourceVersion "1"]
[SourceVersionDate "2020.10.23"]
[SourceQuality "1"]

1. Nf3 Nf6 2. g3 e6 3. Bg2 d5 4. 0-0 Bd6 5. c4 c6 6. b3 0-0 7. Bb2 Nbd7 8. d4 b6 9. Nc3 Ba6 10. cxd5 cxd5 11. Re1 Ne4 12. Nxe4 dxe4 13. Nd2 f5 14. f3 e3 15. Nc4 Bxc4 16. bxc4 f4 17. Qd3 Qe7 18. Rad1 Rad8 19. Kh1 h5 20. Bc1 Qg5 21. Rg1 Qh6 22. Bh3 Kh8 23. gxf4 Qxf4 24. Rg2 Qf7 25. Rdg1 Rg8 26. Qxe3 e5 27. Bxd7 Rxd7 28. dxe5 Bc5 29. e6 Qe7 30. Qe5 Qe8 31. Rg6 Qxg6 32. Rxg6 Rd1+ 33. Kg2 Rg1+ 34. Kh3 Rxg6 35. Qxh5+ 1-0

[Event "Wloclawek CC Classic 07th"]
[Site "Wloclawek"]
[Date "2013.??.??"]
[Round "7"]
[White "Lebiedzinski, Maciej"]
[Black "Matusiak, Marcin"]
[Result "1-0"]
[WhiteElo "1800"]
[BlackElo "1800"]
[PlyCount "103"]
[EventDate "2013.04.??"]
[EventType "swiss"]
[EventRounds "7"]
[EventCountry "POL"]
[SourceTitle "EXT 2021"]
[Source "ChessBase"]
[SourceDate "2020.10.23"]
[SourceVersion "1"]
[SourceVersionDate "2020.10.23"]
[SourceQuality "1"]

1. e4 e6 2. Nf3 d5 3. exd5 exd5 4. d4 Bd6 5. Be2 Ne7 6. Bg5 f6 7. Bh4 0-0 8. Bg3 Be6 9. Nbd2 Nbc6 10. c3 Nf5 11. Qc2 a6 12. Bd3 Re8 13. 0-0-0 Nce7 14. Rde1 Qd7 15. Re2 Bf7 16. Rhe1 Bg6 17. Bxd6 cxd6 18. h4 b5 19. Kb1 Rac8 20. g4 Nh6 21. Bxg6 Nxg6 22. Rxe8+ Rxe8 23. Rxe8+ Qxe8 24. g5 fxg5 25. hxg5 Ng4 26. Qf5 Nxf2 27. Qxd5+ Qf7 28. Qxd6 Qf5+ 29. Ka1 Nd3 30. Qxa6 b4 31. Qa8+ Nf8 32. Qe4 Qb5 33. c4 Qa4 34. Qxd3 Qd1+ 35. Qb1 Qe2 36. Qe1 Qg2 37. d5 Qg4 38. c5 Qc8 39. Nb3 Qg4 40. Nbd4 Qf4 41. Kb1 h6 42. gxh6 Qxh6 43. Qxb4 Qh1+ 44. Qe1 Qh7+ 45. Kc1 Qd3 46. c6 Qc4+ 47. Kb1 Qd3+ 48. Ka1 Qc4 49. Ne6 Qxd5 50. Nfg5 Qxc6 51. Nxf8 Kxf8 52. a3 1-0

[Event "Wloclawek CC Classic 07th"]
[Site "Wloclawek"]
[Date "2013.??.??"]
[Round "2"]
[White "Matusiak, Marcin"]
[Black "Jeziorny, Janusz"]
[Result "0-1"]
[WhiteElo "1800"]
[BlackElo "1664"]
[PlyCount "68"]
[EventDate "2013.04.??"]
[EventType "swiss"]
[EventRounds "7"]
[EventCountry "POL"]
[SourceTitle "EXT 2021"]
[Source "ChessBase"]
[SourceDate "2020.10.23"]
[SourceVersion "1"]
[SourceVersionDate "2020.10.23"]
[SourceQuality "1"]

1. e4 c6 2. d4 d5 3. Nc3 dxe4 4. Nxe4 Nd7 5. Nf3 Ngf6 6. Nxf6+ Nxf6 7. Bd3 Bg4 8. c3 e6 9. 0-0 Bd6 10. h3 Bh5 11. Bg5 Qc7 12. Bxf6 gxf6 13. Be2 0-0-0 14. Qa4 Kb8 15. Rfd1 Rhg8 16. Qc2 Rg7 17. Ne1 Bg6 18. Bd3 f5 19. Be2 f6 20. Bf3 e5 21. dxe5 fxe5 22. Be2 e4 23. c4 Rdg8 24. c5 Be5 25. Bc4 Rf8 26. f3 Qe7 27. Bb3 Bc7 28. Qc3 Bh5 29. Rd2 Rg3 30. Re2 Qg5 31. Kf1 exf3 32. Rf2 fxg2+ 33. Rxg2 Qf4+ 34. Rf2 Qe4 0-1

[Event "Wloclawek CC Classic 07th"]
[Site "Wloclawek"]
[Date "2013.??.??"]
[Round "5"]
[White "Milecki, Robert"]
[Black "Matusiak, Marcin"]
[Result "0-1"]
[WhiteElo "1527"]
[BlackElo "1800"]
[PlyCount "62"]
[EventDate "2013.04.??"]
[EventType "swiss"]
[EventRounds "7"]
[EventCountry "POL"]
[SourceTitle "EXT 2021"]
[Source "ChessBase"]
[SourceDate "2020.10.23"]
[SourceVersion "1"]
[SourceVersionDate "2020.10.23"]
[SourceQuality "1"]

1. e4 e6 2. d4 d5 3. Nc3 Bb4 4. exd5 exd5 5. Bd3 Ne7 6. Nge2 0-0 7. a3 Bxc3+ 8. bxc3 Bf5 9. 0-0 Nd7 10. Bg5 f6 11. Bf4 Bxd3 12. Qxd3 Ng6 13. Rfe1 Nb6 14. Rab1 Qd7 15. Bg3 Rae8 16. h4 Ne7 17. Bf4 Ng6 18. Bg3 Ne7 19. h5 c6 20. Bf4 Nf5 21. Qh3 Re7 22. g4 Rfe8 23. Kf1 Nd6 24. Bxd6 Qxd6 25. Qg3 Qxa3 26. Rb3 Qa2 27. Qd3 Nc4 28. Qd1 Qa5 29. Qd3 Qc7 30. Rbb1 Qh2 31. Qf3 Nd2# 0-1

[Event "Wloclawek CC Classic 08th"]
[Site "Wloclawek"]
[Date "2013.??.??"]
[Round "3"]
[White "Zajaczkowski, Jan"]
[Black "Matusiak, Marcin"]
[Result "0-1"]
[WhiteElo "1976"]
[BlackElo "1800"]
[PlyCount "86"]
[EventDate "2013.06.??"]
[EventType "swiss"]
[EventRounds "7"]
[EventCountry "POL"]
[SourceTitle "EXT 2021"]
[Source "ChessBase"]
[SourceDate "2020.10.23"]
[SourceVersion "1"]
[SourceVersionDate "2020.10.23"]
[SourceQuality "1"]

1. e4 e6 2. d4 d5 3. e5 c5 4. c3 Qb6 5. Nf3 Nc6 6. a3 c4 7. Be2 f6 8. 0-0 fxe5 9. dxe5 Qc7 10. Bf4 Nge7 11. Re1 Ng6 12. Bg3 Be7 13. Bf1 0-0 14. Nbd2 b5 15. Nd4 Bc5 16. N2f3 a6 17. Qd2 Bd7 18. Rad1 Nge7 19. Nh4 Na5 20. Qg5 Nec6 21. Nhf3 Rae8 22. h4 Nb3 23. h5 Bxd4 24. cxd4 Rf5 25. Qg4 h6 26. Bf4 Kh8 27. Be3 Ne7 28. Nh4 Rf7 29. Ng6+ Nxg6 30. Qxg6 Ref8 31. g4 Qd8 32. g5 Qe7 33. Be2 Be8 34. gxh6 gxh6 35. Qg3 Rg7 36. Bg4 Bxh5 37. f3 Rxf3 38. Qxf3 Bxg4 39. Qf6 Bxd1+ 40. Kh2 Bc2 41. Re2 Bf5 42. Rf2 Qxf6 43. exf6 Rg6 0-1

[Event "Wloclawek-ch"]
[Site "Wloclawek"]
[Date "2012.??.??"]
[Round "7"]
[White "Cichocki, Konrad"]
[Black "Matusiak, Marcin"]
[Result "1-0"]
[WhiteElo "1979"]
[BlackElo "1600"]
[PlyCount "83"]
[EventDate "2012.09.??"]
[EventType "swiss"]
[EventRounds "9"]
[EventCountry "POL"]
[SourceTitle "EXT 2021"]
[Source "ChessBase"]
[SourceDate "2020.10.23"]
[SourceVersion "1"]
[SourceVersionDate "2020.10.23"]
[SourceQuality "1"]

1. d4 Nf6 2. c4 e6 3. Nf3 b6 4. g3 Bb7 5. Bg2 Be7 6. 0-0 0-0 7. d5 exd5 8. Nh4 c6 9. cxd5 cxd5 10. Nc3 Na6 11. Nf5 Nc7 12. Bg5 d6 13. Qd2 d4 14. Bxb7 dxc3 15. Qxc3 Rb8 16. Nxe7+ Qxe7 17. Bxf6 gxf6 18. Bf3 Rbc8 19. Rac1 Ne6 20. Qe3 f5 21. Rfd1 Kh8 22. Rc3 f4 23. Qe4 fxg3 24. hxg3 f5 25. Qd3 Rcd8 26. Rc6 f4 27. Rxd6 fxg3 28. fxg3 Qg5 29. Qc3+ Kg8 30. Bg2 Rc8 31. Qb3 Qc5+ 32. e3 Kh8 33. Rxe6 Qg5 34. Qd5 Rf5 35. Qd4+ Kg8 36. g4 Rfc5 37. Rd6 Rc1 38. Bd5+ Kf8 39. Rf6+ Ke7 40. Rf7+ Ke8 41. Qe4+ Kd8 42. Rf8+ 1-0

[Event "Wloclawek-ch"]
[Site "Wloclawek"]
[Date "2012.??.??"]
[Round "4"]
[White "Stepniak, Stanislaw"]
[Black "Matusiak, Marcin"]
[Result "1-0"]
[WhiteElo "2000"]
[BlackElo "1600"]
[PlyCount "103"]
[EventDate "2012.09.??"]
[EventType "swiss"]
[EventRounds "9"]
[EventCountry "POL"]
[SourceTitle "EXT 2021"]
[Source "ChessBase"]
[SourceDate "2020.10.23"]
[SourceVersion "1"]
[SourceVersionDate "2020.10.23"]
[SourceQuality "1"]

1. e4 e6 2. d4 d5 3. Nd2 Nf6 4. Bd3 dxe4 5. Nxe4 Nc6 6. c3 h6 7. Nf3 Be7 8. 0-0 0-0 9. Qe2 Nxe4 10. Qxe4 f5 11. Qe2 Bf6 12. Re1 Bd7 13. Bf4 Ne7 14. Ne5 Nd5 15. Bd2 Re8 16. Qf3 Bxe5 17. Rxe5 Bc6 18. Qg3 Qf6 19. Rae1 Bd7 20. c4 Ne7 21. R5e2 Rac8 22. Bc3 Ng6 23. h4 Qf7 24. h5 Ne7 25. Qh4 Kf8 26. Bb4 Kg8 27. Bxe7 Qxe7 28. Qxe7 Rxe7 29. Bxf5 Rd8 30. d5 Be8 31. Bxe6+ Kh8 32. Re5 Bd7 33. Bxd7 Rxe5 34. Rxe5 Rxd7 35. c5 c6 36. d6 Kg8 37. f4 b6 38. b4 Kf7 39. f5 b5 40. g4 Rb7 41. Kf2 Rd7 42. Kf3 Rb7 43. Kf4 Rd7 44. Re6 Rb7 45. Ke5 Rd7 46. f6 gxf6+ 47. Rxf6+ Kg7 48. Re6 Rf7 49. Rg6+ Kh7 50. Ke6 Rb7 51. d7 Rb8 52. Ke7 1-0

[Event "POL-chT U19 1th League"]
[Site "Gorzow Wielkopolski"]
[Date "2008.07.12"]
[Round "8.2"]
[White "Matusiak, Marcin"]
[Black "Piesik, Piotr"]
[Result "1/2-1/2"]
[WhiteElo "2002"]
[BlackElo "2150"]
[PlyCount "64"]
[EventDate "2008.07.05"]
[EventType "team-tourn"]
[EventRounds "9"]
[EventCountry "POL"]
[SourceTitle "EXT 2019"]
[Source "ChessBase"]
[SourceDate "2018.10.10"]
[SourceVersion "1"]
[SourceVersionDate "2018.10.10"]
[SourceQuality "1"]
[WhiteTeam "Jastrzebie Zdroj Pionier U19"]
[BlackTeam "Czestochowa UKS Hetman U19"]
[WhiteTeamCountry "POL"]
[BlackTeamCountry "POL"]

1. c4 e5 2. Nc3 Nf6 3. g3 d5 4. cxd5 Nxd5 5. Bg2 Nb6 6. d3 Be7 7. Nf3 Nc6 8. 0-0 0-0 9. Be3 Be6 10. b3 f6 11. d4 exd4 12. Nxd4 Nxd4 13. Qxd4 Qxd4 14. Bxd4 c6 15. e4 Rad8 16. Rad1 Bb4 17. Ne2 Nc8 18. Nf4 Bf7 19. Bh3 Rfe8 20. f3 Nd6 21. Nd3 Ba5 22. Bb2 Nb5 23. Nf4 Nc3 24. Bxc3 Bxc3 25. Kg2 a5 26. Rxd8 Rxd8 27. Be6 Be5 28. Rf2 Kf8 29. Bxf7 Kxf7 30. Rc2 Ke7 31. Kf2 g6 32. Ke2 Bd4 1/2-1/2